000 00741nam a2200241 a 4500
999 _c10934
_d10934
001 10934
003 BD-JhCC
005 20220120134023.0
008 190529b2018 bd ||||| |||| 00| 0 eng d
020 _a9840757415
035 _a(BD-JhCC)10934
040 _aBD-JhCC
_dBD-JhCC
041 _aben
082 _bRAH 2018
_a927
100 _aরহমান, শেখ মুজিবুর
245 _aকারাগারের রোজনামচা /
_cশেখ মুজিবুর রহমান
260 _aঢাকা:
_bবাংলা একাডেমী;
_c2018.
300 _a332 p. :
_c22 cm.
600 _aRahman, Sheikh Mjibur
_d1920-1975
650 _aAutobiography
942 _2ddc
_cBK
_08